| 000 | 00490nam a2200181Ia 4500 | ||
|---|---|---|---|
| 008 | 180921t2015 xxu||||| |||| 00| 0 sin d | ||
| 041 | _asin | ||
| 080 |
_a294.3 _bSRI |
||
| 100 | _a Sri Dhammananda Himi, K. | ||
| 245 | _aභාවනාව එකම මඟයි | ||
| 246 | _aBawanawa Ekama Maghi | ||
| 260 |
_bSunera Publisher _aNugegoda _c2015 |
||
| 300 | _b64p, 21cm | ||
| 700 |
_aPadhma Gunasekara _etr. |
||
| 942 | _cBK | ||
| 999 |
_c5401 _d5401 |
||
| 003 | LK-CoDNM | ||
| 040 |
_aLK-CoDNM _dLK-CoDNM _eLK-CoDNM |
||